000 00819nam a22002297a 4500
999 _c76492
_d76492
005 20191210121331.0
010 _aENG-107568 B-731114
020 _a9780415830591
_c695.00
035 _aEN-91101
035 _aB-731114
037 _bDBAD/PUB
082 _a355.020954
245 _aArmed conflicts in South Asia 2012 :
_cedited by D. Suba Chandran [and] P.R. Chari
_buneasy stasis and fragile peace /
260 _aNew Delhi
_bRoutledge
_c2013
270 _a912, Tolstoy House, 15-17 Tolstoy Marg, Connaught Place
_bNew Delhi
_e110001
300 _axiv,236p.
_c22cm(Hb)
500 _aIncludes index
700 _aSuba Chandran, D.
700 _aChari, P.R.
942 _2ddc
_cEN
_mARM
_h355.020954